| 000 | 00654nam a2200241 4500 | ||
|---|---|---|---|
| 001 | 33765 | ||
| 010 | _a978-989-66-1169-9 | ||
| 021 | _aPT | ||
| 090 | _a33765 | ||
| 100 | _a20210921 frey50 | ||
| 101 | _apor | ||
| 102 | _aPT | ||
| 200 |
_aLevantando o véu da dualidade _eComo ser livre sem julgamentos _fAndreas Moritz _gtrad. Vasco Teles de Menezes |
||
| 205 | _a1ª ed. | ||
| 210 |
_aAlfragide _cCasa das Letras _d2021 |
||
| 215 |
_a368 p. _d24 cm |
||
| 606 |
_95265 _aAutoajuda |
||
| 675 |
_a159.9 _9104 |
||
| 700 |
_95295 _aMoritz _bAndreas |
||
| 702 |
_4730 _95296 _aMenezes _bVasco Teles de |
||
| 801 |
_aPT _gRPC |
||
| 990 | _cLIVROS | ||
| 994 | _aCOMP | ||